Statistics for North American Pro Sports Teams - With Cities as Hints

Click here to take the quiz!

General Stats

  • This quiz has been taken 390 times
  • The average score is 106 of 123

Answer Stats

LeagueTeam% Correct
NFL FootballBears
95%
NFL FootballPatriots
95%
Major League BaseballReds
95%
NBA BasketballBulls
94%
NFL FootballPackers
94%
NFL Football | NHL HockeyPanthers
94%
NFL Football49ers
93%
NFL FootballCowboys
93%
NFL FootballJaguars
93%
NFL Football | NHL HockeyJets
93%
NFL FootballRavens
93%
Major League Baseball | NFL FootballCardinals
92%
NFL FootballDolphins
92%
NBA BasketballLakers
92%
NFL FootballLions
92%
NFL FootballSteelers
92%
NBA BasketballWarriors
92%
NFL FootballBills
91%
NFL FootballBuccaneers
91%
NBA BasketballCeltics
91%
NFL FootballChiefs
91%
NFL FootballEagles
91%
Major League Baseball | NFL FootballGiants
91%
NBA BasketballHeat
91%
NBA Basketball | NHL HockeyKings
91%
NFL FootballRaiders
91%
NFL FootballRams
91%
Major League BaseballRed Sox
91%
NFL FootballSaints
91%
NFL FootballSeahawks
91%
NFL FootballTitans
91%
NFL FootballVikings
91%
Major League BaseballYankees
91%
NFL FootballBroncos
90%
NFL FootballColts
90%
NFL FootballFalcons
90%
NBA BasketballJazz
90%
NBA BasketballNuggets
90%
Major League BaseballWhite Sox
90%
NFL FootballBrowns
89%
NBA BasketballBucks
89%
NBA BasketballHawks
89%
NBA BasketballHornets
89%
NBA BasketballMagic
89%
NBA BasketballNets
89%
NFL FootballRedskins
89%
NBA BasketballSuns
89%
NFL FootballTexans
89%
NFL FootballBengals
88%
Major League BaseballCubs
88%
NBA BasketballGrizzlies
88%
NBA BasketballKnicks
88%
NBA BasketballPistons
88%
NBA BasketballRaptors
88%
NBA BasketballSpurs
88%
NBA Basketball76ers
87%
NBA BasketballCavaliers
87%
Major League BaseballDodgers
87%
NBA BasketballThunder
87%
NFL FootballChargers
86%
NBA BasketballMavericks
86%
Major League BaseballMets
86%
NBA BasketballPacers
86%
Major League Baseball | NHL HockeyRangers
86%
Major League BaseballAstros
85%
NBA BasketballClippers
85%
NBA BasketballRockets
85%
Major League BaseballTigers
85%
NBA BasketballTimberwolves
85%
NBA BasketballTrail Blazers
85%
Major League BaseballBlue Jays
83%
Major League BaseballBraves
83%
Major League BaseballIndians
83%
NHL HockeyOilers
83%
Major League BaseballOrioles
83%
NBA BasketballPelicans
83%
NHL HockeyPenguins
83%
Major League BaseballAthletics
82%
Major League BaseballBrewers
82%
NHL HockeyBruins
82%
Major League BaseballDiamondbacks
82%
NHL HockeyDucks
82%
Major League BaseballPirates
82%
NBA BasketballWizards
82%
NHL HockeyRed Wings
81%
Major League BaseballRockies
81%
Major League BaseballRoyals
81%
Major League BaseballAngels
80%
Major League BaseballMarlins
80%
Major League BaseballNationals
80%
Major League BaseballPadres
80%
Major League BaseballPhillies
80%
NHL HockeySharks
80%
Major League BaseballTwins
80%
NHL HockeyBlackhawks
79%
Major League BaseballRays
79%
NHL HockeySenators
79%
NHL HockeyStars
79%
NHL HockeyCanadiens
78%
NHL HockeyDevils
78%
NHL HockeyFlyers
78%
NHL HockeyMaple Leafs
78%
Major League BaseballMariners
78%
NHL HockeyBlues
77%
NHL HockeyCanucks
77%
NHL HockeyFlames
77%
NHL HockeyIslanders
77%
NHL HockeyAvalanche
75%
NHL HockeyCapitals
75%
NHL HockeyGolden Knights
75%
NHL HockeyBlue Jackets
74%
NHL HockeyLightning
74%
NHL HockeySabres
74%
NHL HockeyWild
74%
NHL HockeyCoyotes
73%
NHL HockeyHurricanes
73%
NHL HockeyPredators
73%

Score Distribution

Percentile by Number Answered

Percent of People with Each Score

Your Score History

You have not taken this quiz